000
00331nam a22001457a 4500
003
SGT
020
_a
9789390961894
082
_a
320
_b
T23D
100
_a
DEY, SAUMYA
245
_a
THE SEEDBED OF THE PAKISTAN: 1885: 1906
260
_b
VITASTA PUBLISHING
_c
2023
300
_a
215
650
_a
POLITICAL SCIENCE
942
_2
ddc
_c
BK
999
_c
28009
_d
28009